000 00671cam a2200217 a 4500
001 4979227
005 20180315111105.0
008 980312s1998 nyua 000 0 eng
010 _a 98015502
020 _a0399144463
040 _aDLC
_cDLC
_dDLC
041 _aeng
080 _a155..24
082 0 0 _a155.24 SPE
_221
100 1 _a48
101 _aPSI
245 1 0 _aWho moved my cheese? :
_cSpencer Johnson.
906 _a7
_bcbc
_corignew
_d1
_eocip
_f19
_gy-gencatlg
942 _2ddc
_cBK
999 _c45186
_d45186